Tratamiento penal del contrato simulado
Wedi'i Gadw mewn:
| Prif Awdur: | |
|---|---|
| Fformat: | Llyfr |
| Iaith: | Sbaeneg |
| Cyhoeddwyd: |
Santiago
Legal Publishing
2013
|
| Rhifyn: | 1a. ed |
| Cyfres: | Monografías
|
| Pynciau: | |
| Tagiau: |
Ychwanegu Tag
Dim Tagiau, Byddwch y cyntaf i dagio'r cofnod hwn!
|
MARC
| LEADER | 00000cam a2200000 a 4500 | ||
|---|---|---|---|
| 001 | UCF8493 | ||
| 003 | CL-VaPUC | ||
| 008 | 130829e20130700cl |||||||||||||||||spa|d | ||
| 020 | |a 9789563463651 | ||
| 082 | 0 | 4 | |a 346.022 |b MIL |2 21 |
| 100 | |a Millán Gutiérrez, Iván |e autor |9 800866 | ||
| 245 | 1 | 0 | |a Tratamiento penal del contrato simulado |
| 250 | |a 1a. ed | ||
| 300 | |a 175 p | ||
| 942 | |c BK | ||
| 945 | |d 20130829 16:45:00 |a dcastane | ||
| 260 | |a Santiago |b Legal Publishing |c 2013 | ||
| 650 | 0 | |a Contratos |9 255153 | |
| 650 | 7 | |a SIMULACION |2 CL-VaPUC |9 338579 | |
| 650 | 0 | |a Derecho económico |9 259197 | |
| 583 | |a last modification |c 20130829 16:45:00 |k Rodrigo Vera | ||
| 490 | 0 | |a Monografías | |
| 999 | |c 353064 |d 353062 | ||
| 952 | |0 0 |1 0 |3 erb |4 0 |6 346_022000000000000_MIL_2013 |7 0 |8 A |9 457960 |a BIBDER |b BIBDER |d 2019-11-23 |i 5003849 |o 346.022 MIL 2013 |p 5003849 |r 2023-01-25 |w 2019-11-23 |y BK |z Catalogado en:20130829 |k DER | ||